000 00398cam a2200169ua 4500
001 5322
008 060101n1992 II |||gr||||Z||||||eng
040 _aMAIN
041 _aEnglish
082 _a341.9 CHA
100 _aCHANDRA, PRAKASH.
245 _aINTERNATIONAL LAW
260 _aNEW DELHI
_bVIKASH PUBLISHING HOUSE
_c1992
300 _a182:
_c20CM.
653 _aInternational Law
942 _cBK
999 _c5307
_d5307